00428nam a22001457a 4500020001500000040000900015082001500024100002900039245001500068260004100083650002300124942001200147999001900159952010400178 a9694962439 cNUST a070.52 JAV aJaved, Chaudhari9114463 aZero Point aIslamabad:bDost Publication,c2004. aZero Point9114464 2ddccBK c595775d595775 00102ddc4070aCEMEbCEMEcGENd2023-09-05l0o070.52 JAVpCEME-40407r2023-09-05w2023-09-05yBK